000 00738 a2200229 4500
005 20260225111723.0
008 251027b |||||||| |||| 00| 0 eng d
020 _a9789391520373 (hbk)
037 _cTB
040 _aAL
_cAL
041 _2eng
_aeng
084 _aA0aF.2'C R5
_qAL
100 _aKumari, Krishna
_9846880
245 _aScience and technology in ancient period
260 _aDelhi, India:
_bPrashant Publishing House,
_c2025.
300 _avi, 264p.
365 _b1150.00
_cINR
650 _aScience
_9849618
650 _aTechnology
_9849619
942 _cTB
_2CC
_n0
_hA0aF.2'C R5
999 _c1464216
_d1464216